La rebelión: noticias de la guerra
Saved in:
| Format: | Bog |
|---|---|
| Sprog: | spansk |
| Udgivet: |
Bogotá
La Cruz
1885
|
| Fag: | |
| Tags: |
Tilføj Tag
Ingen Tags, Vær først til at tagge denne postø!
|
MARC
| LEADER | 00000nam a2200000 a 4500 | ||
|---|---|---|---|
| 001 | UCO3734 | ||
| 003 | CL-VaPUC | ||
| 008 | 000720e18850000CK |||||||||||||||||spa|d | ||
| 082 | 0 | 4 | |a 986.1061 |b REB |2 21 |
| 245 | 1 | 3 | |a La rebelión: noticias de la guerra |
| 300 | |a 214 p | ||
| 942 | |c BK | ||
| 945 | |d 20000720 00:00:00 |a crobeson | ||
| 260 | |a Bogotá |b La Cruz |c 1885 | ||
| 650 | 7 | |a HISTORIA DE COLOMBIA 1885 |2 CL-VaPUC |9 447620 | |
| 650 | 0 | |a Revoluciones |9 255713 | |
| 651 | 0 | |a Colombia |9 256424 | |
| 583 | |a last modification |c 20120830 10:43:31 |k Rodrigo Vera | ||
| 999 | |c 289866 |d 289864 | ||
| 952 | |0 0 |1 0 |4 0 |6 986_106100000000000_REB_1885 |7 0 |8 X |9 338766 |a BIBHIS |b BIBHIS |d 2019-11-20 |i 1297848 |o 986.1061 REB 1885 |p 1297848 |r 2024-01-30 |w 2019-11-20 |y BK_X |k HIS | ||